| 000 | 00511nam a2200169Ia 4500 | ||
|---|---|---|---|
| 008 | 230907s9999||||xx |||||||||||||| ||und|| | ||
| 082 | _aPhD-ESE-3 | ||
| 100 |
_aHanif, Sadia (NUST201590311PCES9215F) _9118426 |
||
| 245 | 0 | _aBI-Metallic ZIF Derived Electrocatalyst for Fuel Cell / | |
| 260 |
_aUSPCAS-E, NUST, _bIslamabad : _c2020 |
||
| 300 | _axx, 112 p. | ||
| 520 | _aPhD-ESE-3 | ||
| 650 |
_aPhD-ESE Thesis _9116794 |
||
| 650 |
_aPhD Thesis _919283 |
||
| 700 |
_aDr Naseem Iqbal _916826 |
||
| 942 |
_cTHE _2ddc |
||
| 999 |
_c601678 _d601678 |
||